<?xml version="1.0" encoding="UTF-8"?>
<record
    xmlns:xsi="http://www.w3.org/2001/XMLSchema-instance"
    xsi:schemaLocation="http://www.loc.gov/MARC21/slim http://www.loc.gov/standards/marcxml/schema/MARC21slim.xsd"
    xmlns="http://www.loc.gov/MARC21/slim">

  <leader>00890nam a2200193 i 4500</leader>
  <controlfield tag="001">63746</controlfield>
  <controlfield tag="003">ES-MaACL</controlfield>
  <controlfield tag="005">20230906164946.0</controlfield>
  <controlfield tag="007">t|</controlfield>
  <controlfield tag="008">031216q1912    sp           ||||1| cat d</controlfield>
  <datafield tag="100" ind1="1" ind2=" ">
    <subfield code="a">Figa y Oliu, Joseph.</subfield>
    <subfield code="9">50733</subfield>
  </datafield>
  <datafield tag="245" ind1="1" ind2="0">
    <subfield code="a">Sobre gl&#xE1;ndules de secreci&#xF3; interna </subfield>
    <subfield code="b">: funci&#xF3;ns endocrines tiroparatiroidianes ; aplicaci&#xF3; actual a la pr&#xE1;ctica m&#xE9;dica / </subfield>
    <subfield code="c">per Joseph Figa y Oliu.</subfield>
  </datafield>
  <datafield tag="260" ind1=" " ind2=" ">
    <subfield code="a">Girona : </subfield>
    <subfield code="b">[s.n.], </subfield>
    <subfield code="c">1912 (</subfield>
    <subfield code="f">Est. tip. de Dolores Torres)</subfield>
  </datafield>
  <datafield tag="300" ind1=" " ind2=" ">
    <subfield code="a">54 p. ; </subfield>
    <subfield code="c">25 cm.</subfield>
  </datafield>
  <datafield tag="500" ind1=" " ind2=" ">
    <subfield code="a">En la port.: Memoria reglamentaria, llegida en la XV Assamblea del Col.legi de Metges de la Provincia de Girona, celebrada a Perelada el Dia 2 de septembre de 1912.</subfield>
  </datafield>
  <datafield tag="710" ind1="2" ind2=" ">
    <subfield code="a">Colegio de M&#xE9;dicos de Gerona.</subfield>
    <subfield code="9">2908</subfield>
  </datafield>
  <datafield tag="711" ind1="2" ind2=" ">
    <subfield code="a">Asamblea del Colegio de M&#xE9;dicos de la Provincia de Gerona (</subfield>
    <subfield code="n">15&#xAA;.</subfield>
    <subfield code="d">1912. </subfield>
    <subfield code="c">Perelada)</subfield>
    <subfield code="9">16</subfield>
  </datafield>
  <datafield tag="852" ind1=" " ind2=" ">
    <subfield code="a">ES-MaACL</subfield>
    <subfield code="j">T-1362-F-4</subfield>
  </datafield>
  <datafield tag="999" ind1=" " ind2=" ">
    <subfield code="c">63746</subfield>
    <subfield code="d">63746</subfield>
  </datafield>
  <datafield tag="952" ind1=" " ind2=" ">
    <subfield code="0">0</subfield>
    <subfield code="1">0</subfield>
    <subfield code="4">0</subfield>
    <subfield code="7">0</subfield>
    <subfield code="8">Colecci&#xF3;n_de_folletos</subfield>
    <subfield code="a">ATENEOM</subfield>
    <subfield code="b">ATENEOM</subfield>
    <subfield code="c">DEPOF</subfield>
    <subfield code="d">2008-01-17</subfield>
    <subfield code="e">SC</subfield>
    <subfield code="l">0</subfield>
    <subfield code="o">T-1362-F-4</subfield>
    <subfield code="p">1066807</subfield>
    <subfield code="r">2023-02-23 00:00:00</subfield>
    <subfield code="w">2023-02-23</subfield>
    <subfield code="y">FOLLETOS</subfield>
  </datafield>
</record>
